| 000 | 02135nam a2200349 a 4500 | ||
|---|---|---|---|
| 001 | ebr10653118 | ||
| 003 | CaPaEBR | ||
| 006 | m u | ||
| 007 | cr cn||||||||| | ||
| 008 | 121105s2013 lauacf sb 001 0deng d | ||
| 010 | _z 2012039371 | ||
| 020 | _z9780807150504 (cloth alk. paper) | ||
| 020 | _z9780807150511 (e-book) | ||
| 040 |
_aCaPaEBR _cCaPaEBR |
||
| 035 | _a(OCoLC)827948896 | ||
| 043 | _an-us--- | ||
| 050 | 1 | 4 |
_aPN4874.B6618 _bA3 2013eb |
| 082 | 0 | 4 |
_a070.4/332092 _aB _223 |
| 100 | 1 |
_aBradsher, Henry S. _q(Henry St. Amant), _d1931- |
|
| 245 | 1 | 4 |
_aThe Dalai Lama's secret and other reporting adventures _h[electronic resource] : _bstories from a Cold War correspondent / _cHenry S. Bradsher. |
| 260 |
_aBaton Rouge : _bLouisiana State University Press, _c2013. |
||
| 300 |
_ax, 312 p., [16] p. of plates : _bill., port. |
||
| 500 | _aFirst printing. | ||
| 504 | _aIncludes bibliographical references and index. | ||
| 505 | 0 | _aA gubernatorial push -- Riding the buses in Montgomery -- Killing the long-haired Lama -- The Dalai Lama's treasure -- Behind the Himalayas -- Climbing Cho Oyu -- Stumbling over a policeman's severed head -- Counting crowds -- Into Bhutan by mule -- Mail from the Nagas -- Left off the earth -- Tiger hunting with Queen Elizabeth -- Punitive expedition -- Of royalty and royal weddings -- One horse, many horses -- Denying Khrushchev -- Wrecking receiving lines -- Blocking blackmail -- Stabbed in the back -- Bombed in Moscow -- China's most despicable -- Birth of a nation -- Reporting Vietnam -- Riding the dangerous roads -- Shoeshines at Jaffa gate -- Hazards of journalism. | |
| 533 |
_aElectronic reproduction. _bPalo Alto, Calif. : _cebrary, _d2013. _nAvailable via World Wide Web. _nAccess may be limited to ebrary affiliated libraries. |
||
| 600 | 1 | 0 |
_aBradsher, Henry S. _q(Henry St. Amant), _d1931- |
| 650 | 0 |
_aForeign correspondents _zUnited States _vBiography. |
|
| 655 | 7 |
_aElectronic books. _2local |
|
| 710 | 2 | _aebrary, Inc. | |
| 856 | 4 | 0 |
_uhttp://site.ebrary.com/lib/rucke/Doc?id=10653118 _zAn electronic book accessible through the World Wide Web; click to view |
| 999 |
_c75661 _d75661 |
||